000 00656nam a2200193Ia 4500
001 10316
003 GE_BSU
008 181216s||||||||xx |||||||||||||| ||und||
040 _cGE_BSU
080 _a821.353.1–91-1
245 _aფშავური კაფია
245 _cშეადგ.გიგი ხორნაულმა.რედ.ბ.ხარანაული.მხატვ.თ.გიგაური
260 _aთბილისი
260 _bსაბჭოთა საქართველო
260 _c1969
300 _a102გვ.ილ.20სმ.
653 _aფშავური კაფია
942 _cBK
999 _c43582
_d43582